000 00438nam a22001697a 4500
999 _c192778
_d192778
005 20221004121002.0
010 _aENG-135294
020 _a9781576831915
_c350.00
035 _aEN-118826
037 _bDBAD/PUB
082 _a248.4
245 _aGrowing Strong in God's Family/
260 _aMadras
_bChristian Literature Society
270 _bMadras
300 _a135p.
_c25cm(pbk)
942 _2ddc
_cEN
_h248.4
_mGRO